TO EVALUATE AND COMPARE EFFICIENCY OF SINGLE VS MULTIPLE RETREATMENT FILE SYSTEM IN REMOVAL OF GUTTA-PERCHA WITH IN THE ROOT CANAL WITH AND WITHOUT ULTRASONIC ACTIVATION (Record no. 17087)
[ view plain ]
| 000 -LEADER | |
|---|---|
| fixed length control field | 00463nam a22001337a 4500 |
| 003 - CONTROL NUMBER IDENTIFIER | |
| control field | SGT |
| 082 ## - DEWEY DECIMAL CLASSIFICATION NUMBER | |
| Classification number | 617.6342 |
| Item number | E18S |
| 100 ## - MAIN ENTRY--PERSONAL NAME | |
| Personal name | POORVI, SAXENA |
| 245 ## - TITLE STATEMENT | |
| Title | TO EVALUATE AND COMPARE EFFICIENCY OF SINGLE VS MULTIPLE RETREATMENT FILE SYSTEM IN REMOVAL OF GUTTA-PERCHA WITH IN THE ROOT CANAL WITH AND WITHOUT ULTRASONIC ACTIVATION |
| 260 ## - PUBLICATION, DISTRIBUTION, ETC. (IMPRINT) | |
| Place of publication, distribution, etc | DELHI NCR |
| Name of publisher, distributor, etc | SGT UNIVERSITY GURUGRAM |
| Year of Publication | 2018 |
| 300 ## - PAGE DESCRIPTION | |
| No. of Pages | 1-83 |
| 650 ## - SUBJECT ADDED ENTRY--TOPICAL TERM | |
| Topical term or geographic name as entry element | CONSERVATIVE DENTISTRY |
| 942 ## - ADDED ENTRY ELEMENTS (KOHA) | |
| Source of classification or shelving scheme | Dewey Decimal Classification |
| Koha item type | Thesis/Dissertation |
| Withdrawn status | Lost status | Source of classification or shelving scheme | Damaged status | Not for loan | Home library | Current library | Shelving location | Date acquired | Vendor Name | SGTU | Total Checkouts | Full call number | Accession No. (Barcode) | Date last seen | Bill Date | Koha item type |
|---|---|---|---|---|---|---|---|---|---|---|---|---|---|---|---|---|
| Dewey Decimal Classification | SGT Dental Library | SGT Dental Library | Reference Book | 08/03/2019 | PERFECT BOOK BINDING HOUSE NEW DELHI | SGTU | 617.6342 E18S | DT536 | 08/03/2019 | 08/03/2019 | Thesis/Dissertation |